| 000 | 00832nam a2200241 a 4500 | ||
|---|---|---|---|
| 003 | DO-SdBNP | ||
| 005 | 20220609094417.0 | ||
| 007 | ta | ||
| 008 | 220608e20142013dr ao||gr|||| 001 0dspa d | ||
| 020 | _a9789945456042 | ||
| 040 |
_aDO-SdBNP _bspa _cBNPHU |
||
| 082 | 4 |
_222 _bG633n |
|
| 245 | 1 | 0 |
_aLa nueva cocina dominicana de La Chefa. / _cRosa María Gómez; Ilustración, Ana Belle Pérez Peña; Prólogo, Mario Núñez Muñoz |
| 260 |
_aSanto Domingo : _bAguilar, _c2014 |
||
| 300 |
_a153 p . : _bil., fotogr. _c26 cm. |
||
| 500 | _aIncluye datos biográficos de la autora en la solapa de la cubierta. | ||
| 650 | 4 |
_9192 _aCocina dominicana |
|
| 650 | 4 |
_978248 _aCocina _xRecetas |
|
| 700 | 1 |
_aNúñez Muñoz, Mario _epról. _981814 |
|
| 700 | 1 |
_aAna Belle, Pérez Peña, _eil. _981815 |
|
| 910 | _aMFeliz | ||
| 942 |
_2ddc _cLBS1 |
||
| 999 |
_c51973 _d51973 |
||